| 000 | 01149nam a22002537a 4500 | ||
|---|---|---|---|
| 005 | 20170124103111.0 | ||
| 010 | _aA-815011 | ||
| 020 |
_c45.00 _a8174571264 |
||
| 035 | _aA-815011 | ||
| 037 | _bCen Lib/Ret | ||
| 040 |
_aDPL _bHN |
||
| 082 |
_a372.83 _bत्यागीगु |
||
| 100 |
_aत्यागी, गुरसरनदास _979810 |
||
| 245 |
_aअर्थशास्त्र-शिक्षण / _cगुरसरनदास त्यागी |
||
| 246 |
_aArthshastr-shikshan / _bby Gursardas Tyagi |
||
| 260 |
_aआगरा _bविनोद पुस्तक मन्दिर |
||
| 270 |
_bआगरा _aरांगेय राघव मार्ग |
||
| 300 |
_a344पृ. _c20सेमी(सजिल्द) |
||
| 650 |
_aअर्थशास्त्र -- शिक्षण के उद्देश्य _979811 |
||
| 650 |
_aअर्थशास्त्र -- शिक्षण विधियाँ _979812 |
||
| 650 |
_aEconomics - teaching objectives _979813 |
||
| 650 |
_aEconomics - teaching method _979814 |
||
| 942 |
_2ddc _cHN _h372.83 _mत्यागीगु |
||
| 999 |
_c118377 _d118377 |
||